000 00593nam a2200181Ia 4500
008 090630s9999 xx 000 0 und d
082 _b16383
100 _aचव्हाण रामनाथ.
245 _aनिळी पहाट.
_cचव्हाण रामनाथ.
260 _bनवीन उद्योग.
300 _a0
600 _aचव्हाण रामनाथ.
630 _aनिळी पहाट.
655 _aकादंबरी.
700 _aचव्हाण रामनाथ.
730 _aनिळी पहाट.
942 _cBOOK
999 _c268239
_d268239